Normal view
MARC view
- Sharma, Lokesh
Entry Personal Name
001 - CONTROL NUMBER
- control field: 6178
003 - CONTROL NUMBER IDENTIFIER
- control field: OSt
005 - DATE AND TIME OF LATEST TRANSACTION
- control field: 20240323112051.0
008 - FIXED-LENGTH DATA ELEMENTS
- fixed length control field: 240323|| aca||aabn | a|a d
040 ## - CATALOGING SOURCE
- Original cataloging agency: OSt
- Transcribing agency: OSt
100 ## - HEADING--PERSONAL NAME
- Personal name: Sharma, Lokesh
670 ## - SOURCE DATA FOUND
- Source citation: Work cat.: (OSt)8945: Sharma, Lokesh, Wills book of excellence: the olympics / , 1984.
